000 00721nam a2200241Ia 4500
005 20210927125309.0
008 131103s9999 xx 000 0 und d
020 _a041536096X
_cRs 495
040 _aLoreto College
041 _aEnglish
082 _a320.01(I)
_bGAN-CHA
100 _aChakrabarty, Bidyut
245 _aSocial and political thought of Mahatma Gandhi
_cBidyut Chakrabarty
260 _aLondon and New York
_bRoutledge
_c2006
300 _axi,234p
440 _aRoutledge Studies in Social and Political Thought
504 _aIncludes bibliography and index
630 _aPolitical Thought
650 _aGandhi, Mahatma
651 _aPolitical Thought, India
850 _aLCLIB
942 _cBK
999 _c17710
_d68189